Posłowie o najniższej frekwencji w Sejmie. - Statystyki

Ogólne statystyki
  • Ten quiz został rozwiązany 62 razy
  • Średni wynik to 3 z 15
Statystyki odpowiedzi
Frekwencja podczas głosowań % Poseł/ Posłanka % Poprawnych
77.93 Grzegorz Braun
75%
85.46 Krzysztof Bosak
70%
77.10 Konrad Berkowicz
45%
87.02 Zbigniew Ziobro
38%
82.46 Paweł Kukiz
27%
71.76 Stanisław Tyszka
21%
86.56 Jakub Kulesza
20%
81.33 Robert Winnicki
9%
85.87 Agnieszka Ścigaj
5%
82.46 Magdalena Filiks
5%
88.72 Izabela Mrzygłocka
4%
78.49 Katarzyna Piekarska
2%
87.87 Mirosław Maliszewski
2%
81.00 Tomasz Lenz
2%
87.51 Romuald Ajcher
0%
Nie znaleziono quizów pasujących do podanych kryteriów
Rozkład punktacji
Procent ludzi z każdym wynikiem
Percentyl według liczby udzielonych odpowiedzi
Twoja historia wyników
Nie rozwiązałeś tego quizu